| 000 | 00846nam a22002895a 4500 | ||
|---|---|---|---|
| 001 | 002714 | ||
| 003 | armpunfd | ||
| 005 | 20140612090713.0 | ||
| 008 | 131111s1998####xx############000#0#und#d | ||
| 020 | _a9879672240 | ||
| 040 |
_aarmpunfd _carmpunfd |
||
| 080 | _a341.22/225 H 761 | ||
| 245 | 1 | 0 |
_aLos nuevos temas de la aldea global / _cHooft Eduardo ; Farinella Favio. |
| 260 |
_aMar del Plata : _bClub del Libro, _c1998. |
||
| 300 | _a213 p. | ||
| 650 | 7 |
_aAntartida _2LEMB |
|
| 650 | 7 |
_aDerecho del Mar _2LEMB |
|
| 650 | 7 |
_aDerecho Internacinal Publico _2LEMB |
|
| 650 | 7 |
_aDerecho Internacional Humanitario _2LEMB |
|
| 650 | 7 |
_aHielos Continentales _2LEMB |
|
| 650 | 7 |
_aIntegracion _2LEMB |
|
| 650 | 7 |
_aIslas Malvinas _2LEMB |
|
| 650 | 7 |
_aMercosur _2LEMB |
|
| 650 | 7 |
_a Onu _2LEMB |
|
| 942 |
_c _2cdu |
||
| 945 |
_aCELESTE _d2013-11-11 |
||
| 999 |
_c2603 _d233107 |
||